Statistics for Cities with the Tallest Buildings

Click here to take the quiz!

General Stats

  • This quiz has been taken 46,995 times
    (6,991 since last reset)
  • The average score is 15 of 27

Answer Stats

Height Tallest Building City % Correct
541One World Trade CenterNew York City
99%
828Burj KhalifaDubai
98%
528China ZunBeijing
92%
632________ TowerShanghai
91%
442Willis TowerChicago
88%
452Petronas TowersKuala Lumpur
83%
484International Commerce
Centre
Hong Kong
79%
381Burj Mohammed bin RashidAbu Dhabi
76%
555Lotte World TowerSeoul
73%
508______101Taipei
72%
530CTF Finance CentreGuangzhou
70%
374Federation TowerMoscow
69%
385Capital Market Authority
Headquarters
Riyadh
68%
601Abraj Al-Bait Clock TowerMecca
56%
413Al Hamra TowerKuwait City
48%
438_____ CenterWuhan
48%
599Ping An Finance CentreShenzhen
45%
462Lakhta CenterSt. Petersburg
40%
530Goldin Finance 117Tianjin
40%
412Haeundae LCTBusan
34%
461Landmark 81Ho Chi Minh City
33%
450Zifeng TowerNanjing
30%
383Eton Place ______ Tower 1Dalian
13%
452________ IFS Tower T1Changsha
10%
450______ IFSSuzhou
9%
403Logan Century Center 1Nanning
9%
429_______ International
Trade Center
Dongguan
5%

Score Distribution

Percentile by Number Answered

Percent of People with Each Score

Your Score History

You have not taken this quiz since the last reset